000 01544nam0a2200325 4500
001 RU\NLR\bibl\1202469
005 20250615102151.0
010 _a978-5-94774-682-2
_91000
021 _aRU
_b2008-4231
_9227
035 _a(NLR Aleph) 001188965
090 _a1705119
_c1705119
100 _a20080318d2007 |||y0rusy50 ca
101 0 _arus
102 _aRU
105 _aa |||||||||
200 1 _aТехнология разноуровневого обучения физике для сельской школы
_e10-11 классы
_eучебное пособие
_eдля студентов педагогических вузов по специальности 032200 - физика
_fВ.С. Данюшенков, О.В. Коршунова
210 _aМосква
_cБИНОМ. Лаборатория знаний
_d2007
215 _a500 с.
_cил.
_d25
225 1 _aПедагогическое образование
320 _aБиблиогр.: с. 497-500 (78 назв.)
606 1 _aФизика
_jУчебные издания для высших учебных заведений
_xПреподавание
_xСельская школа
_92300785
_3RU\NLR\auth\661377492
686 _aЧ426.51я73
700 1 _aДанюшенков
_bВ. С.
_gВладимир Степанович
_4070
701 1 _aКоршунова
_bО. В.
_gОльга Витальевна
_4070
801 0 _aRU
_bNLR
_c20080318
_gRCR
801 1 _aRU
_bNLR
_c20080318
830 _aавт. по кн.
942 _cBOOK
980 _aNB